| 000 | 00730nam a2200205Ia 4500 | ||
|---|---|---|---|
| 003 | GCL | ||
| 005 | 20240530103633.0 | ||
| 008 | 140319s9999 xx 000 0 ara d | ||
| 040 |
_aGCL / _cGCL |
||
| 082 | 0 | 4 |
_a414.3 _bج ت |
| 100 | 1 | _aجلال شمس الدين | |
| 245 | 1 | 0 |
_aالتعليل اللغوى عند الكوفيين مع مقارنته بنظيره عند البصريين : _bدراسة ابستومولوجية / _cجلال شمس الدين |
| 260 |
_aالاسكندرية : _bمؤسسة الثقافة الجامعية ؛ _c1994 |
||
| 300 |
_a276 ص؛ _b24 سم |
||
| 490 |
_aكتاب _v0 |
||
| 650 | 0 | 4 | _aالنحو |
| 650 | 0 | 4 | _aاللغة العربية |
| 650 | 0 | 4 | _aعلم الكلام |
| 942 |
_2ddc _cBK |
||
| 999 |
_c41337 _d41337 |
||